| 000 | 00604nam a2200193Ia 4500 | ||
|---|---|---|---|
| 003 | OSt | ||
| 005 | 20260425105348.0 | ||
| 008 | 240806s9999||||xx |||||||||||||| ||und|| | ||
| 020 | _a9789966985204 | ||
| 040 | _aKenya National Library Service | ||
| 082 | _a828.99676203 RIS | ||
| 100 | _aRisa, ole Jeremiah | ||
| 245 | 0 |
_aNoosim the planted seed/ _cJeremiah Ole Risa. |
|
| 300 |
_av,126 pages ; _c22 cm. |
||
| 650 | _aEnglish literature. | ||
| 942 |
_cBK _2ddc _h828.99676203 RIS |
||
| 999 |
_c206679 _d206679 |
||